[Event "SVK-chT4 A21 1617"]
[Site "Slovakia"]
[Date "2017.02.12"]
[Round "9.4"]
[White "Jancovicova, Petra"]
[Black "Buran, Andrej"]
[Result "0-1"]
[WhiteElo "1644"]
[BlackElo "1627"]
[PlyCount "134"]
[EventDate "2016.10.09"]
[EventType "team-tourn"]
[EventRounds "11"]
[EventCountry "SVK"]
[SourceTitle "EXT 2020"]
[Source "ChessBase"]
[SourceDate "2019.10.17"]
[SourceVersion "1"]
[SourceVersionDate "2019.10.17"]
[SourceQuality "1"]
[WhiteTeam "Vrbove II"]
[BlackTeam "Senica CVC II"]
[WhiteTeamCountry "SVK"]
[BlackTeamCountry "SVK"]

1. e4 e5 2. Nf3 Nc6 3. d4 exd4 4. Nxd4 Bc5 5. Be3 Qf6 6. c3 Nge7 7. Be2 0-0 8. 0-0 d5 9. Nxc6 Qxc6 10. exd5 Nxd5 11. Bxc5 Qxc5 12. Nd2 Nf4 13. Ne4 Qe5 14. Ng3 Be6 15. Re1 Rad8 16. Qc2 Qg5 17. Bf3 Bd5 18. Ne4 Bxe4 19. Qxe4 Rd2 20. Kh1 Rxf2 21. g3 Nh3 22. Re2 Qf6 23. Bg2 Ng5 24. Qe3 Rxe2 25. Qxe2 c6 26. Rf1 Qe6 27. Qxe6 Nxe6 28. Rd1 Rd8 29. Rxd8+ Nxd8 30. Kg1 Ne6 31. Kf2 Nc5 32. b3 Kf8 33. Ke3 Ke7 34. Kd4 Kd6 35. Bh3 Ne6+ 36. Kd3 Ng5 37. Bg2 f5 38. Ke3 Ke5 39. a4 Ne4 40. c4 Nc5 41. b4 Nxa4 42. b5 cxb5 43. cxb5 Nc3 44. Bxb7 Nxb5 45. Kd3 f4 46. gxf4+ Kxf4 47. Ba8 Kg4 48. Bc6 Nd6 49. Bd7+ Kf4 50. Kd4 Nf5+ 51. Kc5 Nh4 52. Kb5 Nf3 53. h3 Kg3 54. Ka6 Ng5 55. Kxa7 Nxh3 56. Kb6 h5 57. Kc5 g5 58. Kd4 Kh4 59. Ke3 g4 60. Ke2 Kg3 61. Bc6 h4 62. Kf1 Nf2 63. Kg1 h3 64. Ba8 h2+ 65. Kf1 h1Q+ 66. Bxh1 Nxh1 67. Kg1 Kf3 0-1

[Event "SVK-chT5 SE-SI 1617"]
[Site "Slovakia"]
[Date "2017.02.04"]
[Round "6.3"]
[White "Buran, Andrej"]
[Black "Damborsky, Pavol"]
[Result "1-0"]
[WhiteElo "1627"]
[BlackElo "1651"]
[PlyCount "67"]
[EventDate "2016.10.15"]
[EventType "team-tourn"]
[EventRounds "9"]
[EventCountry "SVK"]
[SourceTitle "EXT 2020"]
[Source "ChessBase"]
[SourceDate "2019.10.17"]
[SourceVersion "1"]
[SourceVersionDate "2019.10.17"]
[SourceQuality "1"]
[WhiteTeam "Senica CVC III"]
[BlackTeam "Kopcany"]
[WhiteTeamCountry "SVK"]
[BlackTeamCountry "SVK"]

1. e4 e5 2. Nf3 d6 3. d4 exd4 4. Nxd4 Nf6 5. Nc3 Be7 6. Bc4 Bg4 7. f3 Bd7 8. Be3 Nc6 9. Qd2 Ne5 10. Bb3 a6 11. a4 c5 12. Nde2 Bh3 13. f4 Bxg2 14. fxe5 Nxe4 15. Nxe4 Bxh1 16. Nxd6+ Bxd6 17. Qxd6 Qxd6 18. exd6 b6 19. a5 b5 20. Bxc5 0-0 21. Kf2 Bc6 22. Ng3 Bd7 23. Ne4 h6 24. Bd5 Rab8 25. Rg1 Kh8 26. Bb6 Rbe8 27. Nc5 Be6 28. d7 Bxd5 29. dxe8Q Rxe8 30. Re1 Rxe1 31. Kxe1 f5 32. Nxa6 g5 33. Nc7 Bc6 34. a6 1-0

[Event "SVK-chT4 A21 1617"]
[Site "Slovakia"]
[Date "2016.10.09"]
[Round "1.5"]
[White "Buran, Andrej"]
[Black "Fidericky, Milan"]
[Result "1-0"]
[WhiteElo "1594"]
[BlackElo "1749"]
[PlyCount "73"]
[EventDate "2016.10.09"]
[EventType "team-tourn"]
[EventRounds "11"]
[EventCountry "SVK"]
[SourceTitle "CBM 175 Extra"]
[Source "ChessBase"]
[SourceDate "2016.12.12"]
[SourceVersion "1"]
[SourceVersionDate "2016.12.12"]
[SourceQuality "1"]
[WhiteTeam "Senica CVC II"]
[BlackTeam "Senica II"]
[WhiteTeamCountry "SVK"]
[BlackTeamCountry "SVK"]

1. e4 e5 2. Nf3 Nf6 3. Nxe5 d6 4. Nf3 Nxe4 5. Be2 Be7 6. 0-0 0-0 7. d4 d5 8. c4 c6 9. Nc3 Nxc3 10. bxc3 dxc4 11. Bxc4 Nd7 12. Re1 Nb6 13. Bb3 Bg4 14. Qd3 Bxf3 15. Qxf3 Nd5 16. Re4 Qd7 17. Bd2 Nf6 18. Rh4 g6 19. Re1 Nd5 20. Rh6 Rae8 21. Re4 Bd8 22. Rg4 Qe6 23. Be3 Qd7 24. Qh3 Rxe3 25. fxe3 f5 26. Rgxg6+ Kh8 27. Bxd5 cxd5 28. Rd6 Qf7 29. Qh5 Qg8 30. Qg6 Bg5 31. Qxg8+ Kxg8 32. Rh3 f4 33. Rxd5 h6 34. exf4 Rxf4 35. Rf3 Re4 36. Re5 Rxe5 37. dxe5 1-0

[Event "SVK-chT4A21 1415"]
[Site "Slovakia"]
[Date "2015.02.01"]
[Round "8.2"]
[White "Brunovsky, Peter"]
[Black "Buran, Andrej"]
[Result "1/2-1/2"]
[WhiteElo "1869"]
[BlackElo "1586"]
[PlyCount "48"]
[EventDate "2014.10.12"]
[EventType "team-tourn"]
[EventRounds "11"]
[EventCountry "SVK"]
[SourceTitle "EXT 2022"]
[Source "ChessBase"]
[SourceDate "2021.10.06"]
[SourceVersion "1"]
[SourceVersionDate "2021.10.06"]
[SourceQuality "1"]
[WhiteTeam "Gbely Nafta II"]
[BlackTeam "Senica CVC II"]
[WhiteTeamCountry "SVK"]
[BlackTeamCountry "SVK"]

1. d4 d5 2. Bf4 Nf6 3. e3 e6 4. Bd3 c5 5. c3 Be7 6. Nd2 0-0 7. Ngf3 Nbd7 8. 0-0 Nh5 9. Rc1 Nxf4 10. exf4 c4 11. Bc2 b5 12. Ne5 Nxe5 13. fxe5 a5 14. f4 b4 15. Rf3 Bd7 16. Rh3 g6 17. g4 Qb6 18. f5 exf5 19. gxf5 Kh8 20. Kh1 Rg8 21. e6 Be8 22. fxg6 fxg6 23. Qe2 bxc3 24. Qe5+ Rg7 1/2-1/2

[Event "SVK-chT5 SE-SI 1415"]
[Site "Slovakia"]
[Date "2014.12.13"]
[Round "5.1"]
[White "Buran, Andrej"]
[Black "Wallner, Juraj"]
[Result "1/2-1/2"]
[WhiteElo "1586"]
[BlackElo "1606"]
[PlyCount "46"]
[EventDate "2014.10.18"]
[EventType "team-tourn"]
[EventRounds "11"]
[EventCountry "SVK"]
[SourceTitle "EXT 2022"]
[Source "ChessBase"]
[SourceDate "2021.10.06"]
[SourceVersion "1"]
[SourceVersionDate "2021.10.06"]
[SourceQuality "1"]
[WhiteTeam "Senica CVC III"]
[BlackTeam "Stefanov II"]
[WhiteTeamCountry "SVK"]
[BlackTeamCountry "SVK"]

1. e4 c5 2. Nf3 e6 3. d4 d5 4. exd5 exd5 5. Bb5+ Bd7 6. Qe2+ Qe7 7. Qxe7+ Bxe7 8. Bxd7+ Nxd7 9. dxc5 Bxc5 10. 0-0 Ne7 11. Re1 0-0 12. Be3 Bxe3 13. Rxe3 Nf5 14. Rd3 Nf6 15. Nc3 Rfd8 16. Rad1 Ne7 17. Re1 Nc6 18. Nd4 h6 19. h3 Kf8 20. Red1 Ne5 21. Rg3 Nh5 22. Re3 Nc4 23. Rf3 Ne5 1/2-1/2

[Event "SVK-chT5 SE-SI 1415"]
[Site "Slovakia"]
[Date "2014.11.15"]
[Round "3.2"]
[White "Filipek, Norbert"]
[Black "Buran, Andrej"]
[Result "1/2-1/2"]
[WhiteElo "1414"]
[BlackElo "1586"]
[PlyCount "65"]
[EventDate "2014.10.18"]
[EventType "team-tourn"]
[EventRounds "11"]
[EventCountry "SVK"]
[SourceTitle "EXT 2022"]
[Source "ChessBase"]
[SourceDate "2021.10.06"]
[SourceVersion "1"]
[SourceVersionDate "2021.10.06"]
[SourceQuality "1"]
[WhiteTeam "Stefanov III"]
[BlackTeam "Senica CVC III"]
[WhiteTeamCountry "SVK"]
[BlackTeamCountry "SVK"]

1. e4 e5 2. Nf3 Nc6 3. d4 exd4 4. Nxd4 Bc5 5. Be3 Qf6 6. c3 Nge7 7. Na3 a6 8. Nac2 0-0 9. Qd2 h6 10. f3 b5 11. Nxc6 Qxc6 12. Bxc5 Qxc5 13. Qd4 Qg5 14. Qe3 Qxe3+ 15. Nxe3 Bb7 16. 0-0-0 Rad8 17. Bd3 d5 18. e5 Ng6 19. Rd2 Rd7 20. Rhd1 Rfd8 21. c4 bxc4 22. Bxc4 c6 23. Bb3 Nxe5 24. Re1 Ng6 25. g3 Re8 26. Ng2 Rxe1+ 27. Nxe1 Re7 28. Kd1 Ne5 29. Re2 Ng6 30. Rxe7 Nxe7 31. Nd3 Nf5 32. Nc5 Nd6 33. Ba4 1/2-1/2

[Event "SVK-chT4A21 1314"]
[Site "Slovakia"]
[Date "2014.01.12"]
[Round "6.4"]
[White "Smrek, Peter"]
[Black "Buran, Andrej"]
[Result "1-0"]
[WhiteElo "1811"]
[BlackElo "1392"]
[PlyCount "65"]
[EventDate "2013.10.06"]
[EventType "team-tourn"]
[EventRounds "11"]
[EventCountry "SVK"]
[SourceTitle "EXT 2022"]
[Source "ChessBase"]
[SourceDate "2021.10.06"]
[SourceVersion "1"]
[SourceVersionDate "2021.10.06"]
[SourceQuality "1"]
[WhiteTeam "Vrbove II"]
[BlackTeam "Senica CVC II"]
[WhiteTeamCountry "SVK"]
[BlackTeamCountry "SVK"]

1. c4 e5 2. Nc3 Nf6 3. g3 Bc5 4. h3 0-0 5. Bg2 c6 6. e4 b5 7. cxb5 cxb5 8. d3 Qb6 9. Qe2 Nc6 10. Nf3 h6 11. 0-0 Nh5 12. Kh2 Nf6 13. Nd5 Nxd5 14. exd5 Nb4 15. a3 Nxd5 16. Qxe5 Bb7 17. d4 Bd6 18. Qf5 Nf6 19. Bxh6 Bxf3 20. Bxf3 Rac8 21. Qg5 Ne8 22. Qg4 Rd8 23. Rae1 Bxg3+ 24. fxg3 Qxh6 25. Rf2 Nf6 26. Qf5 a6 27. g4 Rfe8 28. Rxe8+ Nxe8 29. Bd5 Nf6 30. g5 Qh4 31. gxf6 gxf6 32. Rg2+ Kf8 33. Rg4 1-0

[Event "SVK-chT4A21 1314"]
[Site "Slovakia"]
[Date "2013.11.03"]
[Round "3.5"]
[White "Leska, Marian"]
[Black "Buran, Andrej"]
[Result "0-1"]
[WhiteElo "1701"]
[BlackElo "1392"]
[PlyCount "128"]
[EventDate "2013.10.06"]
[EventType "team-tourn"]
[EventRounds "11"]
[EventCountry "SVK"]
[SourceTitle "EXT 2022"]
[Source "ChessBase"]
[SourceDate "2021.10.06"]
[SourceVersion "1"]
[SourceVersionDate "2021.10.06"]
[SourceQuality "1"]
[WhiteTeam "Skalica II"]
[BlackTeam "Senica CVC II"]
[WhiteTeamCountry "SVK"]
[BlackTeamCountry "SVK"]

1. d4 d5 2. c4 e6 3. e3 Nf6 4. Nc3 Be7 5. Nf3 0-0 6. Be2 dxc4 7. Bxc4 c5 8. 0-0 cxd4 9. Nxd4 e5 10. Nf3 e4 11. Nd4 Bc5 12. Nde2 Bd6 13. Qb3 a6 14. a4 Qc7 15. h3 Nc6 16. Nd5 Nxd5 17. Bxd5 Bf5 18. Nc3 Rae8 19. Qc4 Nd8 20. Rd1 Qxc4 21. Bxc4 Be5 22. Bd2 Ne6 23. Rab1 Nc5 24. Ne2 Rc8 25. b3 Nxa4 26. bxa4 Rxc4 27. a5 Rb8 28. Be1 h6 29. Rd2 Bc3 30. Rc2 Bxe1 31. Rxc4 Bxa5 32. Nd4 Bd7 33. Rc5 Bd8 34. Re5 b5 35. Rxe4 b4 36. Re5 a5 37. Rd5 Be8 38. Rd6 a4 39. Ra6 b3 40. Kf1 Bf6 41. Ke1 Rd8 42. Nxb3 Bc3+ 43. Nd2 Bxd2+ 44. Ke2 Bc3 45. f4 Rd2+ 46. Kf3 Rb2 47. Rc1 Rb3 48. Ra8 Kf8 49. Rd1 Bf6 50. Ke4 Rb4+ 51. Kf5 Rb5+ 52. Kg4 h5+ 53. Kf3 Rb7 54. Rc1 Ke7 55. g4 hxg4+ 56. hxg4 Rb6 57. Ra7+ Ke6 58. f5+ Ke5 59. Rc5+ Kd6 60. Rc2 Bc6+ 61. Ke2 Bb5+ 62. Kf3 Bc6+ 63. Ke2 Rb2 64. Kd3 Be4+ 0-1

[Event "SVK-chT5 SE-SI 1213"]
[Site "Slovakia"]
[Date "2013.03.23"]
[Round "14.3"]
[White "Tomasovic, Roman"]
[Black "Buran, Andrej"]
[Result "1/2-1/2"]
[WhiteElo "1277"]
[BlackElo "1152"]
[PlyCount "81"]
[EventDate "2012.10.06"]
[EventType "team-tourn"]
[EventRounds "14"]
[EventCountry "SVK"]
[SourceTitle "EXT 2022"]
[Source "ChessBase"]
[SourceDate "2021.10.06"]
[SourceVersion "1"]
[SourceVersionDate "2021.10.06"]
[SourceQuality "1"]
[WhiteTeam "Stefanov II"]
[BlackTeam "Senica CVC III"]
[WhiteTeamCountry "SVK"]
[BlackTeamCountry "SVK"]

1. d4 d5 2. c4 e6 3. e3 Nf6 4. Nf3 Be7 5. Bd3 dxc4 6. Qa4+ Bd7 7. Qxc4 0-0 8. 0-0 Nd5 9. Qc2 h6 10. a3 Nc6 11. Bd2 Re8 12. Nc3 Nxc3 13. Bxc3 Bf6 14. e4 e5 15. d5 Nb8 16. Rad1 Bg4 17. Be2 Bxf3 18. Bxf3 Qc8 19. Qb3 Rd8 20. h3 b6 21. Rd3 Na6 22. Qc2 Nc5 23. Rdd1 Qb7 24. b4 Nd7 25. Bb2 Rac8 26. Rd3 c5 27. b5 a6 28. a4 axb5 29. axb5 Ra8 30. Ra3 Rxa3 31. Bxa3 Ra8 32. Ra1 Ra5 33. Qb1 Qa7 34. Bb2 Rxa1 35. Qxa1 Qxa1+ 36. Bxa1 Kf8 37. Be2 Ke7 38. Bc4 Nf8 39. f3 Kd6 40. Kf2 Ng6 41. g3 1/2-1/2

[Event "SVK-chT4A21 1213"]
[Site "Slovakia"]
[Date "2013.03.17"]
[Round "11.5"]
[White "Capanda, Jan"]
[Black "Buran, Andrej"]
[Result "1-0"]
[WhiteElo "1423"]
[BlackElo "1152"]
[PlyCount "91"]
[EventDate "2012.10.14"]
[EventType "team-tourn"]
[EventRounds "11"]
[EventCountry "SVK"]
[SourceTitle "EXT 2022"]
[Source "ChessBase"]
[SourceDate "2021.10.06"]
[SourceVersion "1"]
[SourceVersionDate "2021.10.06"]
[SourceQuality "1"]
[WhiteTeam "Modranka Komplet Juniors"]
[BlackTeam "Senica CVC II"]
[WhiteTeamCountry "SVK"]
[BlackTeamCountry "SVK"]

1. e4 e5 2. Nf3 Nc6 3. Bc4 Bc5 4. Nc3 Nf6 5. d3 d6 6. Bg5 Bb4 7. a3 Bxc3+ 8. bxc3 h6 9. Bh4 g5 10. Bg3 Qe7 11. Qd2 Nh5 12. Rb1 b6 13. Qe3 Bb7 14. a4 0-0-0 15. 0-0 Rdg8 16. Nd2 Rg7 17. Ba2 Nxg3 18. fxg3 g4 19. Nc4 a5 20. Rf2 h5 21. Rbf1 Nd8 22. Rf6 Rg6 23. Qf2 Rhh6 24. Rxg6 Rxg6 25. Qf5+ Kb8 26. Qxh5 Qg5 27. Qxg5 Rxg5 28. Ne3 Rg7 29. Rf6 Bc6 30. Bb3 Bd7 31. Rh6 Ka7 32. Rf6 Ne6 33. Nf5 Rh7 34. Nh6 Nc5 35. Nxf7 Nxa4 36. Ng5 Rg7 37. Ne6 Bxe6 38. Bxa4 Bc8 39. Kf2 Bb7 40. h3 gxh3 41. gxh3 Kb8 42. Rf3 Ka7 43. g4 Ka6 44. c4 c6 45. Rf6 b5 46. cxb5+ 1-0

[Event "SVK-chT4A21 1213"]
[Site "Slovakia"]
[Date "2013.02.17"]
[Round "9.5"]
[White "Tomasovic, Roman"]
[Black "Buran, Andrej"]
[Result "1-0"]
[WhiteElo "1277"]
[BlackElo "1152"]
[PlyCount "53"]
[EventDate "2012.10.14"]
[EventType "team-tourn"]
[EventRounds "11"]
[EventCountry "SVK"]
[SourceTitle "EXT 2022"]
[Source "ChessBase"]
[SourceDate "2021.10.06"]
[SourceVersion "1"]
[SourceVersionDate "2021.10.06"]
[SourceQuality "1"]
[WhiteTeam "Stefanov"]
[BlackTeam "Senica CVC II"]
[WhiteTeamCountry "SVK"]
[BlackTeamCountry "SVK"]

1. d4 d5 2. c4 e6 3. Nf3 Nf6 4. e3 Be7 5. Bd3 0-0 6. b3 dxc4 7. bxc4 c5 8. 0-0 Nc6 9. Re1 Qc7 10. Na3 a6 11. Nc2 e5 12. dxe5 Nxe5 13. Bb2 Nxf3+ 14. Qxf3 Bg4 15. Qg3 Qxg3 16. hxg3 Rad8 17. Bf1 Rd2 18. Rac1 Bf5 19. e4 Be6 20. Bc3 Rdd8 21. f3 Nh5 22. Rb1 Bc8 23. Kf2 Bd6 24. e5 Bc7 25. Ne3 Rd7 26. Nd5 Re7 27. Nxe7+ 1-0

[Event "SVK-chT5 SE-SI 1213"]
[Site "Slovakia"]
[Date "2012.12.08"]
[Round "7.3"]
[White "Buran, Andrej"]
[Black "Tomasovic, Pavol"]
[Result "1/2-1/2"]
[WhiteElo "1152"]
[BlackElo "1304"]
[PlyCount "84"]
[EventDate "2012.10.06"]
[EventType "team-tourn"]
[EventRounds "14"]
[EventCountry "SVK"]
[SourceTitle "EXT 2022"]
[Source "ChessBase"]
[SourceDate "2021.10.06"]
[SourceVersion "1"]
[SourceVersionDate "2021.10.06"]
[SourceQuality "1"]
[WhiteTeam "Senica CVC III"]
[BlackTeam "Stefanov II"]
[WhiteTeamCountry "SVK"]
[BlackTeamCountry "SVK"]

1. e4 e6 2. d4 d5 3. e5 c5 4. c3 Nc6 5. f4 Qb6 6. Nf3 Nh6 7. b3 Nf5 8. Bb2 cxd4 9. Nxd4 Nfxd4 10. cxd4 Qa5+ 11. Qd2 Bb4 12. Bc3 0-0 13. Be2 a6 14. 0-0 Bxc3 15. Nxc3 Bd7 16. a3 Qb6 17. Rfd1 Na5 18. Qc2 Qxb3 19. Qd3 Rfc8 20. Rdc1 Rc7 21. Qc2 Qxc2 22. Rxc2 Rac8 23. Rac1 Nb3 24. Rb1 Nxd4 25. Rd2 Nxe2+ 26. Nxe2 Bb5 27. Nd4 Rc1+ 28. Rxc1 Rxc1+ 29. Kf2 Bc4 30. Rb2 b5 31. a4 Kf8 32. axb5 axb5 33. Nxb5 Bxb5 34. Rxb5 Rc2+ 35. Kf3 Rc8 36. Rb2 Rd8 37. Rd2 Ke8 38. Ke3 Rd7 39. Kf3 Kd8 40. Rc2 Ke7 41. Ke3 f6 42. Rc8 Rd8 1/2-1/2